000 01101nam a22003377a 4500
003 CHAP
005 20220817042112.0
008 971013s1978 r 00010 d
010 _a34640
011 _a35612
035 _a39728
040 _cCHAP
082 _a581.16
_bM4Y
100 0 0 _aMertens, Thomas R.
_975039
245 _aCiclos de vida de las plantas
260 _aMéxico, D.F. :
_bLimusa,
_c1978
300 _a160 p
490 _aSerie. Instrucción programada. Limusa
590 _aBATCH-UPD
_b10
_c20130110
_lUCH01
_h0129
590 _aBATCH-UPD
_b10
_c20130110
_lUCH01
_h2020
590 _aBATCH-UPD
_b10
_c20130410
_lUCH01
_h1338
590 _aBATCH-UPD
_b10
_c20130914
_lUCH01
_h1814
590 _aCONVERSION
_b10
_c20130109
_lUCH01
_h1319
650 1 4 _aPlantas
_xReproducción.
_988879
700 0 _aStevenson, Forrest F.
_9109738
830 0 _aSerie instrucción programada Limusa
901 _aBK
942 _cLIBRO
949 _a581.16 M4Y
_bBC
_cLIBRO
_d-90605
_eLIBRO
_h44119
_i39728
_si
_t65.00
949 _a581.16 M4Y
_bBC
_cLIBRO
_d33724000510376
_eLIBRO
_fc.2
_h44120
_i39728
_si
_t65.00
999 _c34640
_d34640